000 00686nam a2200241Ia 4500
003 OSt
005 20260212123144.0
008 210210b2010 xxu||||| |||| 00| 0 eng d
020 _a9788188478804
040 _cAL
041 _aKannada
082 _aK894.3 MITP
100 _aMITRA VENKATRAJA
_9254542
_dಮಿತ್ರ ವೆಂಕಟರಾಜ
245 _aPachi kattida pagara
_bಪಾಚಿ ಕಟ್ಟಿದ ಪಾಗರ
260 _aDharavada
_bManohara Grantha Prakashana
_c2010
300 _aix,372
650 _apagara
_9254543
650 _aPachi
_9254544
650 _akattida
_9254545
690 _aKannada Fiction
_9254546
906 _a065206
942 _2ddc
_cBK
999 _c142211
_d142211